1505 1007 1337 1724 1255 1286 1750 1970 1016 1383 1628 1512 1208 1178 1578 1122 1608 1873 1455 1177 1004 1462 1948 1196 1494 1734 1705 1848 1342 1613 1303 1002 1866 1857 1472 1032 1499 1231 1927 1411 1006 1543 1391 1625 1415 1652 1974 1630 1530 1161 1521 1478 1688 1467 1137 1034 1022 1855 1968 1145 1719 1100 1452 1532 1216 1984 1887 1758 1171 1189 1102 1452 1802 1537 1788 1150 1480 1197 1981 1914 1423 1934 1358 1885 1917 1839 1298 1143 1598 1869 1363 1891 1270 1775 1818 1446 1584 1550 1072 BCNSPRNW ULIB Ver.6.0+V

เปลี่ยนเป็นภาษาไทย

Change to English
 แสดงรายละเอียดบรรณานุกรม
  กลับหน้าหลัก

Brief Record : Get Marc (ISO 2709) : E-mail record : QR code < ปิดหน้าต่าง
LEADER : 00000nam 2200000uu 4500
001    13399113978
003     ULIB
008    120119s2552||||th 000 0 tha d
020    ^a9789742466350
050 04 ^aPL4158^bก563ห
100 0  ^aกำชัย ทองหล่อ
245 10 ^aหลักภาษาไทย /^cกำชัย ทองหล่อ
260    กรุงเทพฯ^bรวมสาส์น,^c2552
300    ^a540 หน้า
650    ^aหลักภาษาไทย
945    ^p345^l0^i18676
995    ^aกัณชพร
999 ^a ใช้งานได้ทุกระบบ
รายการนี้ยังไม่มีแท็ก
คุณยังไม่ได้ล็อกอิน คุณสามารถมีกิจกรรมร่วมกับเว็บไซต์ได้ แต่ต้องล็อกอินก่อน ::
  ล็อกอิน

รายการสื่อสารสนเทศ

ลำดับที่ ประเภท เลขเรียก/บาร์โค้ด สถานที่ สถานะ
- ไม่พบข้อมูล -

รายการใกล้เคียง
    ผู้แต่ง [กำชัย ทองหล่อ]

    หัวเรื่อง [หลักภาษาไทย]

BibComment


ยังไม่เคยถูกคอมเมนท์

คอมเมนท์ทรัพยากรรายการนี้
  คอมเมนท์: หลักภาษาไทย กำช..


 Copyright 2026. Bcnsprnw @Library